Documento expedido por Madame Teresa Dehueugreville (Record no. 4877)

MARC details
000 -CABECERA
campo de control de longitud fija 01677nam a2200325 a 4500
001 - NÚMERO DE CONTROL
campo de control BRCA_5183
005 - FECHA Y HORA DE LA ÚLTIMA TRANSACCIÓN
campo de control 20190320204956.0
008 - DATOS DE LONGITUD FIJA--INFORMACIÓN GENERAL
campo de control de longitud fija 241110s1827----mx-#######---#000-0#spa-#
041 ## - CÓDIGO DE LENGUA
Código de lengua del texto/banda sonora o título independiente spa
044 ## - CÓDIGO DEL PAÍS DE LA ENTIDAD EDITORA/PRODUCTORA
Código MARC del país mx
084 ## - OTRO NÚMERO DE CLASIFICACIÓN
Número de clasificación DOC142
Número de documento/Ítem .D44
-- 1827
100 1# - ENTRADA PRINCIPAL--NOMBRE DE PERSONA
Nombre de persona Dehueugreville, Teresa
Títulos y otros términos asociados al nombre Madame
9 (RLIN) 13257
245 10 - MENCIÓN DE TÍTULO
Título Documento expedido por Madame Teresa Dehueugreville
Mención de responsabilidad, etc. Madame Teresa Dehueugreville, Monsieur Nevremont, Francisco Nepomuceno Batres y Nagera.
260 ## - PUBLICACIÓN, DISTRIBUCIÓN, ETC.
Lugar de publicación, distribución, etc. México
Fecha de publicación, distribución, etc. 1827
300 ## - DESCRIPCIÓN FÍSICA
Extensión [19] fojas
Dimensiones 32 x 22 cm
500 ## - NOTA GENERAL
Nota general Documento expedido en 1827
500 ## - NOTA GENERAL
Nota general Queja por parte de Madame Teresa Dehueugreville, esposa de Monsieur Barthelmy en contra de Monsieur Nevremont, por insultos contra la dignidad de la primera, ante el C. Francisco Nepomuceno Batres y Nagera, Alcalde Constitucional de esta capital
500 ## - NOTA GENERAL
Nota general El documento contiene la leyenda DOC. #310
500 ## - NOTA GENERAL
Nota general Papel con marca de agua
500 ## - NOTA GENERAL
Nota general En la parte superior sello con escudo nacional e inscripción que dice: SELLO TERCERO. DOS REALES. PARA LOS AÑOS DE MIL OCHOCIENTOS VEINTE Y SEIS Y OCHOCIENTOS VEINTE Y SIETE
500 ## - NOTA GENERAL
Nota general Estado de conservación: contiene acidez y márgenes maltratados
506 0# - NOTA DE RESTRICCIONES AL ACCESO
Limitaciones de acceso Fondo reservado: para su consulta es necesario credencial de usuario y carta de motivos
546 ## - NOTA DE LENGUA/LENGUAJE
Nota de lengua/lenguaje Texto en: español de principios del siglo XIX
600 14 - PUNTO DE ACCESO ADICIONAL DE MATERIA--NOMBRE DE PERSONA
Nombre de persona Dehueugreville, Teresa
Títulos y otros términos asociados al nombre Madame
9 (RLIN) 13257
650 14 - PUNTO DE ACCESO ADICIONAL DE MATERIA--TÉRMINO DE MATERIA
Término de materia o nombre geográfico como elemento de entrada Documentos legales
Subdivisión de forma Impreso con rúbricas
Subdivisión general Historia
Subdivisión cronológica Federalismo y centralismo, 1824-1853
Subdivisión geográfica México
9 (RLIN) 13258
700 1# - PUNTO DE ACCESO ADICIONAL--NOMBRE DE PERSONA
Nombre de persona Monsieur Nevremont
9 (RLIN) 13259
700 1# - PUNTO DE ACCESO ADICIONAL--NOMBRE DE PERSONA
Nombre de persona Batres y Nagera, Francisco Nepomuceno
9 (RLIN) 13260
902 ## - CATALOGADOR
Iniciales FDH
942 ## - ELEMENTOS DE PUNTO DE ACCESO ADICIONAL (KOHA)
Fuente del sistema de clasificación o colocación Library of Congress Classification
Tipo de ítem Koha Documentos
Holdings
Estado de retiro Estado de pérdida Estado dañado No para préstamo Localización permanente Ubicación/localización actual Fecha de adquisición Total de préstamos Signatura topográfica completa Código de barras Fecha visto por última vez Precio válido a partir de Tipo de ítem Koha
El ejemplar forma parte de la colección y puede ser consultado según las políticas vigentes.       Biblioteca del Museo Franz Mayer (Rogerio Casas-Alatriste) Biblioteca del Museo Franz Mayer (Rogerio Casas-Alatriste) 24/11/2010   DOC142 .D44 1827 5601 22/03/2019 22/03/2019 Documentos